000 00546nam a2200205Ia 4500
003 OSt
005 20240513113818.0
008 210707s1983 xx 000 0 und d
040 _cAL
041 _aKannada
082 _aK894.3 VENA
100 _aVENKATACHARYA (B)
_dವೆಂಕಟಾಚಾರ್ಯ ಬಿ.
_9164224
245 _aAnandamatha.
_bಆನಂದಮಠ
260 _aBengaluru
_bVishva Kannada Sammelana
_c1983
300 _a200 p
365 _b2
_cINR
563 _aPB
650 _aKannada Fiction
_9164225
942 _2ddc
_cBK
999 _c180159
_d180159